| 000 | 00601nam a2200181Ia 4500 | ||
|---|---|---|---|
| 003 | OSt | ||
| 005 | 20140321135419.0 | ||
| 008 | 140130s9999 xx 000 0 und d | ||
| 020 | _a0439513804 | ||
| 050 |
_aLB 3011 _b.D53 2004 |
||
| 100 | _aDiffily, Deborah | ||
| 245 |
_aTeaching effective classroom routines : _bestablish structure in the classroom to foster children's learning, from the first day of school and all through the year / _cDeborah Diffily. |
||
| 260 |
_bScholastic, _c2004. _aNew York : |
||
| 300 |
_a128 p. : _bill. ; _c26 cm. |
||
| 440 | _v1 | ||
| 942 |
_cBK _2lcc |
||
| 999 |
_c41654 _d41654 |
||